Lincoln through the lens : (Record no. 5844)

MARC details
000 -LEADER
fixed length control field 01083nam a22002777a 4500
001 - CONTROL NUMBER
control field 5844
003 - CONTROL NUMBER IDENTIFIER
control field FISKH
005 - DATE AND TIME OF LATEST TRANSACTION
control field 20250124123754.0
008 - FIXED-LENGTH DATA ELEMENTS--GENERAL INFORMATION
fixed length control field 250124b cb ||||| |||| 00| 0 eng d
020 ## - INTERNATIONAL STANDARD BOOK NUMBER
International Standard Book Number 9780545681056
040 ## - CATALOGING SOURCE
Original cataloging agency FISKH
Language of cataloging eng
Transcribing agency FISKH
Modifying agency FISKH
050 ## - LIBRARY OF CONGRESS CALL NUMBER
Classification number E457.S26
082 ## - DEWEY DECIMAL CLASSIFICATION NUMBER
Classification number 973.7092
100 ## - MAIN ENTRY--PERSONAL NAME
Personal name Sandler, Martin W.
245 ## - TITLE STATEMENT
Title Lincoln through the lens :
Remainder of title How photography revealed and shaped an extraordinary life /
Statement of responsibility, etc. by Martin W. Sandler
260 ## - PUBLICATION, DISTRIBUTION, ETC.
Place of publication, distribution, etc. New York :
Name of publisher, distributor, etc. Scholastic ,
Date of publication, distribution, etc. 2008.
300 ## - PHYSICAL DESCRIPTION
Extent 97 pages :
Other physical details color illustrations ;
Dimensions 23 cm .
505 ## - FORMATTED CONTENTS NOTE
Formatted contents note Z <br/>
520 ## - SUMMARY, ETC.
Summary, etc. Offers a complete portrait of this celebrated president through a review of his childhood upbringing, political views and goals, and historic legacy through an examination of his speeches, including the Gettysburg address, period photographs, personal statements, and more.
521 8# - TARGET AUDIENCE NOTE
Target audience note 1210 <br/>
Source Lexile <br/>
521 8# - TARGET AUDIENCE NOTE
Target audience note Z <br/>
Source Raz-Plus <br/>
650 ## - SUBJECT ADDED ENTRY--TOPICAL TERM
Topical term or geographic name entry element Abraham Lincoln
Form subdivision non-fiction
700 ## - ADDED ENTRY--PERSONAL NAME
Personal name Morris, Alyssa
Relator term Book designer
942 ## - ADDED ENTRY ELEMENTS (KOHA)
Source of classification or shelving scheme Dewey Decimal Classification
Koha item type Books
Suppress in OPAC No
Holdings
Withdrawn status Lost status Source of classification or shelving scheme Damaged status Not for loan Collection Home library Current library Shelving location Date acquired Total Checkouts Full call number Barcode Date last seen Price effective from Koha item type
    Dewey Decimal Classification     Non-Fiction Footprints International School Library Network Toul Kork Campus Footprints International School Library Network Toul Kork Campus TTP Secondary Non-Fiction Bookshelves 01/24/2025   SAN 973.7092 E457.S26 FISSE01296 01/24/2025 01/24/2025 Books